000 00836cab a2200289 4500
001 ABS58820
008 090401t1998 xxu||||| |||| 00| 0 eng d
035 _a(Sirsi) u87080
041 _aeng
100 _aCoulter, S.
245 _aExpanding and contracting
260 _c1998
350 _a0
490 _aBuilding
_v(24) 12 June 1998, 20-27(8)
520 _aComment on financial results for year 1997/98 for the 25 leading contractors. Discusses the civil engineering sector and partnering. Tables.
650 _aCIVIL ENGINEERING
650 _aCONTRACTORS
650 _aFACILITIES MANAGEMENT
_96240
650 _aOPERATING MARGINS
650 _aPARTNERING
650 _aRESULTS
650 _aSERVICES OUTSOURCING
650 _aSHARE PRICES
690 _aBUILT ENVIRONMENT
942 _n0
948 _c29/06/1998
999 _c54875
_d54875